000
00200 a2200097 4500
001
5275
100
_a
Sharman,RV
245
_a
vibrations & waves
260
_a
_b
Butterworths
_c
090
_c
4380
_d
4380
942
_a
NUST-CAE
_c
M
_c
30690
999
_c
240348
_d
240348